000 00283nam a22001337a 4500
008 170615b xxu||||| |||| 00| 0 eng d
020 _a0465037372
041 _aeng
080 _a32
100 _a19
101 _aSHP
245 _aKNOLEDGE&DECISIONS
_cSOWELL,TH
942 _2udc
_cBK
999 _c17486
_d17486